[Event "Novokuznetsk SFO-ch U17"]
[Site "Novokuznetsk"]
[Date "2014.11.06"]
[Round "5"]
[White "Filippov, Anton2222"]
[Black "Petrovichev, Aleksandr"]
[Result "0-1"]
[WhiteElo "1694"]
[BlackElo "1855"]
[PlyCount "88"]
[EventDate "2014.11.02"]
[EventType "swiss"]
[EventRounds "9"]
[EventCountry "RUS"]
[SourceTitle "CBM 163 Extra"]
[Source "ChessBase"]
[SourceDate "2014.12.23"]
[SourceVersion "1"]
[SourceVersionDate "2014.12.23"]
[SourceQuality "1"]

1. e4 c5 2. c3 d6 3. Nf3 Nf6 4. Be2 Bd7 5. d3 Nc6 6. 0-0 e6 7. Re1 Be7 8. Bf1 0-0 9. d4 cxd4 10. cxd4 d5 11. e5 Ne4 12. Nbd2 Nxd2 13. Bxd2 Rc8 14. a3 Qb6 15. Bc3 Na5 16. Nd2 Bb5 17. Rc1 Bxf1 18. Rxf1 Nc4 19. Rc2 Rc6 20. Qa1 Rfc8 21. Rfc1 Nxd2 22. Rxd2 Bg5 23. Rd3 Bxc1 24. Qxc1 h6 25. h4 Qd8 26. Qf4 f5 27. Rg3 Kh7 28. h5 Qe8 29. Qf3 b6 30. Rg6 a5 31. g4 fxg4 32. Rxg4 R8c7 33. Qd3+ Kh8 34. Rg6 Qf8 35. Qh3 Qf5 36. Qxf5 exf5 37. Rxc6 Rxc6 38. f4 g6 39. hxg6 Rxg6+ 40. Kh2 Kg7 41. a4 Kf7 42. Kh3 Rg1 43. Kh4 Ra1 44. Kh5 Rh1# 0-1